000 008090000a22002170004500
003 LK-CoMWRAF
008 230817t1979 ||||| |||| 00| 0 eng d
040 _aLK-CoMWRAF
_dLK-CoMWRAF
_eLK-CoMWRAF
041 _aeng
082 _a305.42
_bWOM
111 _aTHE REGIONAL SEMINAR ON' WOMEN AND DEVELOPMENT'
_c(Dacca, Bangladesh
_dMarch 1977)
245 _aWomen and development :
_b perspectives from South and Southeast Asia
260 _aDacca:
_bBangladesh Institute of Law and International Affairs,
_c1979
300 _axi, 439 p. ; 22 cm.
650 _a Women in economic development--South Asia
650 _aWomen in economic development--Southeast Asia
650 _aEconomic development--Social aspects--Congresses.
700 _aRounaq, Jahan
_eed.
700 _aPapanek, Hanna
_eed.
942 _cCP
999 _c1589
_d1589